Gaming Quiz

Random Gaming or Video Games Quiz

Fortnite Weapons Quiz Stats

 Plays Quiz Updated Feb 26, 2020

     
Support Sporcle.
Go Orange.
Score 0/16 Timer 05:00
0 Plays Today
% Correct
Assault Rifle
86%
Pistol
85.9%
Minigun
83.8%
Pump Shotgun
83.3%
Grenade
83.2%
Rocket Launcher
81.6%
Tactical Shotgun
80.3%
Hunting Rifle
78.7%
% Correct
Grenade Launcher
78.6%
Heavy Sniper Rifle
78.3%
Stink Bomb
77%
Scoped Assault Rifle
74.1%
Scoped Revolver
72.5%
Hand Cannon
72.4%
Suppressed Pistol
62.2%
Suppressed SMG
60%

From the Vault

NFL Teams' Greatest Comeback QBs

by Hejman

Sports 6m
It's good to remember, that no lead is safe in the NFL.
Remove Ads.
Support Sporcle.
Get the best of Sporcle when you Go Orange. This ad-free experience offers more features, more stats, and more fun while also helping to support Sporcle. Thank you for becoming a member.

Show Comments

Extras

Top Quizzes Today


Score Distribution

Your Account Isn't Verified!

In order to create a playlist on Sporcle, you need to verify the email address you used during registration. Go to your Sporcle Settings to finish the process.

Report this User

Report this user for behavior that violates our Community Guidelines.

Details: